CoursePrep ExamGuide/StudyGuide MCSA Exam 70-218 Managing a Microsoft Windows 2000 network Environment
Zapisane w:
| 1. autor: | |
|---|---|
| Format: | Książka |
| Język: | Undetermined |
| Wydane: |
Boston, MA
Course Technology
2002
|
| Hasła przedmiotowe: | |
| Dostęp online: | http://lrc.tdmu.edu.vn/opac/search/detail.asp?aID=2&ID=7678 |
| Etykiety: |
Dodaj etykietę
Nie ma etykietki, Dołącz pierwszą etykiete!
|
| Thư viện lưu trữ: | Trung tâm Học liệu Trường Đại học Thủ Dầu Một |
|---|
| LEADER | 00664nam a2200205Ia 4500 | ||
|---|---|---|---|
| 001 | TDMU_7678 | ||
| 008 | 210410s9999 xx 000 0 und d | ||
| 082 | |a 005.4 | ||
| 090 | |b S201 | ||
| 100 | |a Sellers, Joseph P | ||
| 245 | 0 | |a CoursePrep ExamGuide/StudyGuide MCSA Exam 70-218 | |
| 245 | 0 | |b Managing a Microsoft Windows 2000 network Environment | |
| 245 | 0 | |c Joseph P. Sellers | |
| 260 | |a Boston, MA | ||
| 260 | |b Course Technology | ||
| 260 | |c 2002 | ||
| 300 | |a ix, 269 p | ||
| 650 | |a Microsoft Windows server | ||
| 856 | |u http://lrc.tdmu.edu.vn/opac/search/detail.asp?aID=2&ID=7678 | ||
| 980 | |a Trung tâm Học liệu Trường Đại học Thủ Dầu Một | ||